000 03433nam a2200553Ia 4500
001 581
008 241029s9999 xx 000 0 und d
010 _a530
041 _aEspañol
082 _aNO APLICA
245 0 _aEvaluación del impacto de la Asignatura Logopedia impartida a los estudiantes en la Carrera de Licenciatura en el Nivel Inicial relacionado al manejo del habla y la voz en la Universidad Autónoma de Santo Domingo, UASD. Mao, período 2011-2013
260 _aSanto Domingo
300 _a73
520 _a9
630 _aEstudiantes
630 _aEvaluación
630 _aImplementación
650 _aOrientación
690 _aElaborado
700 _easesor
_aContrera, Ana Dolores
700 _eautor
_aMercedes Pérez , Minerva
700 _eautor
_aNúñez Ureña , Dilenia Alt.
901 _a{"1":"Mercedes Pérez ","2":"Núñez Ureña "}
_b{"1":"Minerva ","2":"Dilenia Alt."}
902 _a1
903 _a{"1":"Contrera"}
_b{"1":"Ana Dolores "}
904 _aMaestría en
905 _aOrientación Educativa
906 _a2
907 _aNO APLICA
908 _aNO APLICA
909 _aUniversidad Autónoma de Santo Domingo (UASD)
910 _aNULL
_bNULL
911 _a["1"]
912 _aNO APLICA
913 _aNULL
914 _a01 de Agosto de 2013
915 _a08/07/15 01:07
916 _aNULL
917 _aNULL
918 _aNO APLICA
919 _a["96","97","225"]
520 _aLos principales objetivos de este estudio consistieron en evaluar el impacto de la asignatura Logopedia impartida a los estudiantes en la Carrera de Licenciatura en el Nivel Inicial, en lo que concierne al manejo de la voz y el habla, determinar la asignatura logopedia en lo que respecta el manejo del habla y voz por parte de los estudiantes y verificar en qué medida identifican los estudiantes casos de alteraciones de habla y de voz en su entorno personal.La metodología utilizada fue de tipo cualitativo y cuantitativo, las técnicas utilizadas fueron la recolección de datos, el cuestionario y el debate. Se trabajó con una población de 60 estudiantes del centro regional CURNO y como muestra se tomó el total de la población por ser esta muy reducida.El estudio concluyó que el 70% dijo estar totalmente empoderado del manejo de la voz y el habla, el 30% mediamente empoderado lo que se necesita seguir enfatizando en las estrategias de enseñanza aprendizaje en este sentido, que las medidas que han implementado los estudiantes para evitar una disfonía se  evidenció que el 85% dijo ejercitarse en la respiración costo abdominal, un 77% evita la ingesta de de sustancias tóxicas, como el alcohol, tabaco, alimentos muy picantes, mientras que el 67% dijo que evita el sobre esfuerzo vocal a diferencia un 45% que dice hacer ejercicios para aumentar la capacidad respiratoria y coordinación fono respiratoria.El estudio recomendó que se debe incluir en el programa de la Carrera de Orientación Académica la asignatura de Logopedia, que tomen en consideración los resultados de este estudio para fortalecer las debilidades encontradas, que los maestros preparen ejercicios prácticos donde los estudiantes afiancen sus conocimientos en esta temática y organizar cursos talleres de profundización de esta asignatura.
921 _a16
922 _a16
923 _a0
924 _aNO APLICA
942 _cTesis
999 _c530
_d530